| 000 | 01184cam a22003253a 4500 | ||
|---|---|---|---|
| 001 | 1095 | ||
| 005 | 20230815154701.0 | ||
| 008 | 981014s1998 nyu c 000 1 eng d | ||
| 020 | _a0590762567 (pbk.) | ||
| 020 | _a9780590762564 | ||
| 040 |
_aZAB _cZAB _dSLC _dOCL _dOCLCQ _dDLC _beng |
||
| 050 | 0 | 0 | _aPZ7.A6485 |
| 082 | _aFic | ||
| 100 | 1 | _aApplegate, Katherine | |
| 245 | 1 | 4 |
_aThe pretender / _cK.A. Applegate. |
| 260 |
_aNew York : _bScholastic, _c1998. |
||
| 300 |
_a154 pages : _c20 cm |
||
| 490 | 1 |
_aAnimorphs ; _vBook 23 |
|
| 500 | _a"An Apple paperback." | ||
| 505 | _aN | ||
| 520 | _aTo Tobias, no one is who they seem. He has just heard a reading of his father's last will and testament. That's how he found out who his father really was: the Andalite Prince Elfangor! Tobias is stunned, but can't show it. Because Visser Three is watching his every move. | ||
| 521 |
_a560
_bLexile |
||
| 521 |
_aN
_bRaz-Plus |
||
| 650 | 0 | _aScience fiction. | |
| 650 | 0 |
_aMetamorphosis _vJuvenile fiction. |
|
| 655 | 7 |
_aYoung adult fiction. _2lcsh |
|
| 655 | 7 |
_aFantasy fiction. _2gsafd |
|
| 906 |
_a7 _bcbc _ccopycat _d2 _encip _f19 _gy-genrareb |
||
| 942 |
_2ddc _cBK _n0 |
||
| 999 |
_c1095 _d1095 |
||